01024nas a2200241Ia 4500001001100000003000900011008004100020040001300061040001300074041001300087100003800100210002600138222002600164245010300190250001100293260002800304501008600332300001000418310001200428362002600440500026000466650005600726R241/21746IT-RoPAU151124c99999999xx |||||||||||| ||und|| aIT-RoPAU cIT-RoPAU aITALIANO aAA.VV. gCodice Aut. SPICS: 12000 aPROGRESSO FOTOGRAFICO aProgresso Fotografico aPROGRESSO FOTOGRAFICO (IL), ANNO 001-N.02 (1894)bProgresso Fotografico (Il), Anno 001-N.02 (1894) a1a ed. aMILANObPROGRESSOc1894 bPaulus - SPICS - Società San Paolo EM (non-commercial uses only)cCopyright2015 a32 p. aMENSILE aANNO 001, N.02 (1894) aFotografia Scientifica e Pratica. Chimica Fotografica: Immagine Latente Dirodolfo Namias. Emulsione Alla Gelatina-Cloruro D'Argento a Stampa Direttadi Augusto Mori. Sulla Fotografia Ortocromatica di Mario Ganzini. Sulla Platinotipia di Rodolfo Namias. Fot aCOMUNICAZIONE - FOTOGRAFIAvPUBBLICAZIONE PERIODICA